| 000 -LEADER |
| fixed length control field |
00726nam a22002177a 4500 |
| 008 - FIXED-LENGTH DATA ELEMENTS--GENERAL INFORMATION |
| fixed length control field |
131010b xxu||||| |||| 00| 0 alb d |
| 020 ## - INTERNATIONAL STANDARD BOOK NUMBER |
| International Standard Book Number |
9951130070 |
| 041 0# - LANGUAGE CODE |
| Language code of text/sound track or separate title |
alb |
| 080 ## - UNIVERSAL DECIMAL CLASSIFICATION NUMBER |
| Universal Decimal Classification number |
021.1:007 |
| Common auxiliary subdivision |
(496.51) |
| 100 ## - Rafti |
| Rafti |
Miftari, Vehbi |
| 245 10 - TITLE STATEMENT |
| Title |
Bibliotekat në Kosovë dhe qasja në informata / |
| Statement of responsibility, etc |
Vehbi Miftari. |
| 260 ## - |
| -- |
Prishtinë : |
| -- |
Biblioteka Kombëtare dhe Universitare e Kosovës ; |
| -- |
2004 |
| 300 ## - |
| -- |
93 f. ; |
| -- |
21 cm. |
| 500 ## - |
| -- |
Bibliografia : f. 91 - 92 |
| 500 ## - |
| -- |
Në kopertinë shënime për autorin |
| 650 ## - |
| -- |
Bibliotekat |
| -- |
Kosovë |
| 650 ## - |
| -- |
Informacioni bibliotekar |
| -- |
Kosovë |
| 650 ## - |
| -- |
Informacioni elektronik |
| -- |
Organizimi |
| 650 ## - |
| -- |
Biblioteka dhe lexuesi |
| -- |
Kosovë |
| 942 ## - ADDED ENTRY ELEMENTS (KOHA) |
| Source of classification or shelving scheme |
|
| Item type |
Books |